Open Data Biblioteca Nacional de Portugal


República Portuguesa: Ministério da Cultura
Biblioteca Nacional de Portugal

Catálogo da BNP: acesso por Identificadores Unívocos
Registos Bibliográficos associados ao registo de autoridade

Etiqueta de registo: 00254nam 2200025 450
001 2282855
003 http://id.bnportugal.gov.pt/bib/catbnp/2282855
010 ## $a978-972-0-05716-7
010 ## $a978-972-0-05781-5$bEd. com stencil edges)
021 ## $aPT$b557327/25
021 ## $aPT$b557837/25
100 ## $a20260325d2026 m y0pory01030103ba
101 1# $apor$ceng
102 ## $aPT
105 ## $ay z 000ay
106 ## $ar
200 1# $a Os nomes$fFlorence Knapp$gtrad. Isabel Sá Reis
205 ## $a1ª ed
210 #9 $aPorto$cPorto Editora,$d2026
215 ## $a295 p.$d24 cm
304 ## $aTít. orig.: The names
675 ## $a821.111-31"20"$vBN$zpor$31044590
700 #1 $aKnapp,$bFlorence,$f1976?-$31993547
702 #1 $aReis,$bIsabel Sá$4730$31454839
801 #0 $aPT$bBN$gRPC
856 41 $uhttp://rnod.bnportugal.gov.pt/ImagesBN/winlibimg.aspx?skey=&doc=2282855&img=221708&save=true
900 ## $aBIBNAC$d20260506
966 ## $lBN$mFGMON$sL. 181581 V.$x1
966 ## $lBN$mFGMON$sL. 181581 V.-D$x1
966 ## $lBN$mFGMON$sL. 181700 V.$x1
966 ## $lBN$mFGMON$sL. 181700 V.-D$x1
971 ## $cssilva$d20260325
972 ## $e0$z0$d20260506$vasantos
973 ## $caalmeid$d20260424

OpendataBNP@bnportugal.pt | Mais informação sobre acesso aos dados BNP